Breve historia de la Escultura española / (Record no. 73582)

MARC details
000 -LEADER
campo de control de longitud fija 00613nam a2200205 i 4500
001 - NÚMERO DE CONTROL
campo de control 73582
003 - IDENTIFICADOR DE NÚMERO DE CONTROL
campo de control ES-MaACL
005 - FECHA Y HORA DE LA ÚLTIMA TRANSACCIÓN
campo de control 20230906171847.0
007 - CAMPO FIJO DE DESCRIPCIÓN FÍSICA--INFORMACIÓN GENERAL
campo de control de longitud fija t|
008 - DATOS DE LONGITUD FIJA--INFORMACIÓN GENERAL
campo de control de longitud fija 040908s1951 sp ||||1| spa d
100 1# - ENTRADA PRINCIPAL--NOMBRE DE PERSONA
Nombre de persona Gómez Moreno, María Elena.
9 (RLIN) 183418
245 10 - MENCIÓN DEL TÍTULO
Título Breve historia de la Escultura española /
Mención de responsabilidad, etc. por Mª Elena Gómez Moreno.
250 ## - MENCION DE EDICION
Mención de edición 2ª ed. ref. y amp.
260 ## - PUBLICACIÓN, DISTRIBUCIÓN, ETC.
Lugar de publicación, distribución, etc. Madrid :
Nombre del editor, distribuidor, etc. Dossat,
Fecha de publicación, distribución, etc. 1951.
300 ## - DESCRIPCIÓN FÍSICA
Extensión X, 245 p., 164 lám. ;
Dimensiones 25 cm.
490 1# - MENCIÓN DE SERIE
Mención de serie Colección de arte
830 0# - PUNTO DE ACCESO ADICIONAL DE SERIE-TÍTULO UNIFORME
Título uniforme Colección de arte
9 (RLIN) 183419
852 ## - LOCALIZACIÓN
Ubicación ES-MaACL
Número de control de estantería D-6818
Sublocalización o colección R.31185
Holdings
Estatus retirado Estado de pérdida Estado de daño No para préstamo Biblioteca de origen Biblioteca actual Ubicación en estantería Fecha de adquisición Fuente de adquisición Total de préstamos Signatura topográfica completa Código de barras Visto por última vez Precio de reemplazo Tipo de ítem Koha
        Biblioteca del Ateneo de Madrid Biblioteca del Ateneo de Madrid Sala Valle Inclán 17/01/2008     D-6818 901077018 23/02/2023 23/02/2023 Libro impreso